000 00849nam a2200277Ia 4500
003 OSt
005 20221006155904.0
006 a|||||r|||| 00| 0
007 ta
008 221006b |||||||| |||| 00| 0 eng d
020 _a9780520086555
_c¥3647
024 _a43,754
037 _bGift, Japan Foundation
_cTextual
040 _aEASL
_cEASL
_beng
041 _2eng
_aeng
082 _aY35:356.42, N1
100 _aRobertson Jennifer
_9238092
245 0 _aNative and newcomer
_b Making and remaking a Japanese city
260 _aBerkeley
_bUniversity of California Press
_c1991
300 _a235p.
_ccm.
490 _v JEL
650 _a JEL
650 _aKodaira - shi - Social life and customs
_9670816
942 _hY35:356.42, N1
_cTEXL
_2CC
999 _c1111846
_d1111846